000 00735nam a2200289Ia 4500
005 20260324121020.0
008 008 260324s9999 xx 000 0 eng d
020 _a9781315858715
037 _aEBOOK
040 _aCRL
040 _beng
040 _cCRL
041 _2eng
041 _aeng
084 _qCRL
100 _a Fire Protection Association
_91160860
245 0 _aFire Safety and Risk Management
245 0 _bfor the NEBOSH National Certificate in Fire Safety and Risk Management
260 _bTaylor and Francis
260 _c2014
365 _a
365 _b300
856 _uhttp://www.taylorfrancis.com/books/9781315858715
942 _cEBOOK
999 _c1752698
_d1752698